000
00326nam a22001457a 4500
008
210309b ||||| |||| 00| 0 eng d
020
_a
9781572319363
041
_a
eng
080
_a
004
082
_a
004
100
_a
35
101
_a
SHKI
245
_a
Microsoft Office 2000 Professional
_c
Halvorson,M
942
_2
udc
_c
BK
999
_c
56066
_d
56066